Math A-Z - Statistics

General Stats
  • This quiz has been taken 205 times
  • The average score is 15 of 26
Answer Stats
Hint Answer % Correct
A An angle under 90 degrees Acute
95%
P 3.1415926... Pi
86%
C The distance around a circle Circumference
85%
S 36, 81, and 100 are all a Perfect _______ Square
77%
E A Triangle with Three Equal Sides Equilateral
75%
M The Average of a set of values Mean
75%
D The process of finding out how much of one number fits into another Division
73%
N The top number on a fraction Numerator
73%
V In a cube, Height x Width x Depth = Volume
71%
H The longest side of a right triangle Hypotenuse
69%
G One with One Hundred Zeroes Googol
66%
Q Any shape with four sides and four angles Quadrilateral
66%
Z What is any number times 0 Zero
64%
I √2, π, and √8 are this type of number Irrational
57%
O 0,0 on a coordinate grid Origin
57%
R Another name for a diamond Rhombus
57%
L A figure that connects two points and goes beyond them indefinitely Line
51%
X Any coordinate beginning with zero is located on this x-axis
50%
W 0,1,2,3 are all this type of number Whole
45%
T In 23.584, what place is the five in? Tenths
40%
K A four sided shape with two pairs of congruent opposite sides Kite
30%
Y A point where a line intersects the Y-Axis y-intercept
28%
B A chart that shows the minimum, maximum, quartiles, and median {Box} and Whisker
25%
F A shape with an infinite perimeter Fractal
20%
U The number which 25% of a set of data is above Upper Quartile
16%
J these problems are solved with y=kxz Joint Variation
3%
No matching quizzes found
Score Distribution
Percent of People with Each Score
Percentile by Number Answered
Your Score History
You have not taken this quiz